000
00203 a2200097 4500
001
42865
100
_a
Edmand I.G
245
_a
Pakistan
260
_a
New York
_b
Holt Rinehart
_c
090
_c
26754
_d
26754
942
_a
NUST-CAE
_c
M
_c
18618
999
_c
277938
_d
277938